000 00562cam a22002171i 4500
001 8815272
005 20180302054210.0
008 770823s1947 nyua 001 0 eng
010 _a 47004486
035 _a(OCoLC)3212755
040 _aDLC
_cDNIE
_dDLC
041 _aeng
080 _a573
082 _2573 OTT
100 1 _a11
101 _aBIO
245 1 0 _aModern biology /
_cTruman J. Moon, Paul B. Mann, James H. Otto.
504 _aIncludes index and bibliographies.
906 _a7
_bcbc
_coclcrpl
_du
_encip
_f19
_gy-gencatlg
942 _2ddc
_cBK
999 _c44010
_d44010